| 000 | 00540nam a2200193 a 4500 | ||
|---|---|---|---|
| 001 | 2115 | ||
| 003 | CDMR | ||
| 005 | 20130404185933.0 | ||
| 008 | 130130s1968||||||||||||||||||||||||||||d | ||
| 040 |
_aCDMR _bcat _cCDMR |
||
| 100 | 1 |
_aBadosa, Enrique _91569 |
|
| 245 | 1 | 3 |
_aLa libertad del escritor _cEnrique Badosa |
| 260 |
_aBarcelona _c1968 _bPlaza & Janes |
||
| 300 |
_a233 p ; _c19 cm |
||
| 490 | 0 | _aProsistas de lengua espaƱola | |
| 500 | _aDedicatoria de l'autor | ||
| 650 | 0 | 4 |
_aPeriodistes _y1957-1965 _zCatalunya _92400 |
| 942 |
_cMON _2udc |
||
| 999 |
_c2115 _d2115 |
||